| 000 | 00401nam a2200169Ia 4500 | ||
|---|---|---|---|
| 003 | IT-RoPAU | ||
| 008 | 120407s9999 xx 000 0 und d | ||
| 040 | _aIT-RoPAU | ||
| 040 | _cIT-RoPAU | ||
| 100 | _aNicola Zingarelli | ||
| 245 | _aIl nuovo Zingarelli - Vocabolario della lingua italiana (1983) | ||
| 250 | _aBologna | ||
| 260 | _aZanichelli | ||
| 300 | _c cm | ||
| 490 | _v1 | ||
| 942 | _cBK | ||
| 999 |
_c12865 _d12865 |
||